| 000 | 01136nam a2200277 c 4500 | ||
|---|---|---|---|
| 999 |
_c59986 _d59986 |
||
| 003 | BLK | ||
| 005 | 20220421151706.0 | ||
| 008 | 180408b bul|||||r ||||||| ||bul|| | ||
| 010 | _aKNG00064114000 | ||
| 040 | _aBLK | ||
| 041 |
_aBUL _cBUL |
||
| 080 |
_aСелскостопански машини и инструменти. Селскостопанско машиностроене _b631.3 _x.004.67(075.8) _z631.3.004.67(075.8) |
||
| 100 |
_aКонкин, Юри Александрович _eпърви автор _9473548 |
||
| 139 | _aКонкин, Юри Александрович | ||
| 245 | 1 | 0 |
_aИкономика на ремонта на селскостопанската техника _bУчебник за студентите от ВТУ А. Кънчев - Русе _cЮрий А. Конкин; прев. от рус. Емил Жанов. |
| 257 | _aBGR | ||
| 260 |
_bЗемиздат _c1982 _aСофия |
||
| 300 |
_a340 с. _c21 см |
||
| 380 | _a63 | ||
| 500 | _aОриг. загл. Экономика ремонта сельскохозяйственной технике 1 670 тир | ||
| 650 | 7 |
_9170731 _aСелскостопански машини и оръдия - учебници за ВУЗ |
|
| 700 | 1 |
_aЖанов, Емил _eпрев. от рус. _9289490 |
|
| 852 |
_aЦб 117064 _bЦб |
||
| 856 | 4 | _qpdf | |
| 856 | 4 | _qpdf | |
| 942 |
_cKNG _n0 _s1 |
||
| 944 |
_aCR _c13.06.2004 _kЧиталня |
||
| 944 |
_aED _c13.06.2004 |
||
| 944 |
_aED _c2022-04-21 |
||
| 999 | _d59986 | ||